000 00307nam a22001217a 4500
008 150309b xxu||||| |||| 00| 0 eng d
020 _a9781603209878
050 _aAY 948.J8 .T583 2015
245 _aTime for Kids Almanac 2015
260 _bTime Home Entertainment
300 _a288 p.
942 _2lcc
_cBK
999 _c283752
_d283752